|
|
|
|
| LEADER |
00000nab#a22000007a#4500 |
| 001 |
arbauad038927 |
| 003 |
AR-BaUAD |
| 005 |
20250711113036.0 |
| 008 |
990812|||||||||###||||||b###|0###a|spa|| |
| 040 |
|
|
|a AR-BaUAD
|c AR-BaUAD
|b spa
|
| 100 |
|
|
|a Tanaka, Toshiaki
|
| 245 |
|
|
|a Effects on the location of the centre of gravity and the foot pressure contribution to standing balance associated with ageing /
|c Toshiaki Tanaka; Hisekatsu Takeda; Takashi Izumi; Shuichi Inos; Tohru Ifukube;
|
| 300 |
0 |
|
|b il., gráf., cuadros
|
| 653 |
|
|
|a CUERPO HUMANO
|
| 653 |
|
|
|a POSTURAS
|
| 653 |
|
|
|a CENTRO DE GRAVEDAD
|
| 653 |
|
|
|a MEDICINA
|
| 653 |
|
|
|a ERGONOMIA
|
| 700 |
1 |
|
|a Takeda, Hisekatsu
|
| 700 |
1 |
|
|a Izumi, Takashi
|
| 700 |
1 |
|
|a Inos, Shuichi
|
| 700 |
1 |
|
|a Ifukube, Tohru
|
| 773 |
0 |
|
|t ERGONOMICS
|g no. 7 [jul. 1999], p. 997-1010
|
| 942 |
|
|
|c ARTI
|
| 952 |
|
|
|0 0
|1 0
|4 0
|7 0
|9 83846
|a AR-BAuAD
|b AR-BAuAD
|d 2025-07-11
|l 0
|p AAQA038927
|r 2025-07-11 11:30:36
|w 2025-07-11
|y ARTI
|
| 990 |
|
|
|a CS199
|b TD
|
| 998 |
|
|
|a AAQ
|b BIBUN76
|
| 999 |
|
|
|c 63519
|d 63519
|